000 00355nam a2200133Ia 4500
005 20260328104247.0
008 260328s9999||||xx |||||||||||||| ||und||
100 _aCanella, Guido
245 0 _aZodiac 19 :
_b Geometric Researches /
_cGuido Canella
260 _bEdizioni di Comunità
300 _a232 p.
650 _aMEDIDAS Y DIMENSIONES
942 _cBK
999 _c10115
_d10115